| 000 | 00330nam a22001337a 4500 | ||
|---|---|---|---|
| 020 | _a8123904819 | ||
| 082 |
_a664.02 _bMAT/BA |
||
| 100 |
_aMatz,Samuel A. _9318 |
||
| 245 | _aBakery Technology And Engineering | ||
| 250 | _a3rd | ||
| 260 |
_aNew Delhi _bCBS Publishers & Distributors Pvt. Ltd _c2008 |
||
| 300 | _a853 | ||
| 942 | _cBK | ||
| 999 |
_c14356 _d14356 |
||